The influence of dunning procedures and receivable financing in the maximization of collection and quality of aging of receivables of selected enterprises in Las Pinas City (Record no. 367262)
[ view plain ]
| 000 -LEADER | |
|---|---|
| fixed length control field | 00964nam a22002177a 4500 |
| 003 - CONTROL NUMBER IDENTIFIER | |
| control field | 0 |
| 005 - DATE AND TIME OF LATEST TRANSACTION | |
| control field | 20250220112026.0 |
| 008 - FIXED-LENGTH DATA ELEMENTS--GENERAL INFORMATION | |
| fixed length control field | 250220b xxu||||| |||| 00| 0 eng d |
| 050 ## - LIBRARY OF CONGRESS CALL NUMBER | |
| Classification number | HF 5681 |
| Item number | .Sa27 2023 |
| 100 ## - MAIN ENTRY--PERSONAL NAME | |
| Personal name | Sarto, Sophia Marie A. |
| 245 ## - TITLE STATEMENT | |
| Title | The influence of dunning procedures and receivable financing in the maximization of collection and quality of aging of receivables of selected enterprises in Las Pinas City |
| Statement of responsibility, etc | Sophia Marie A. Sarto |
| 260 ## - PUBLICATION, DISTRIBUTION, ETC. (IMPRINT) | |
| Place of publication, distribution, etc | Las Pinas City |
| Name of publisher, distributor, etc | Southville International School and Colleges |
| Date of publication, distribution, etc | 2023 |
| 300 ## - PHYSICAL DESCRIPTION | |
| Extent | x, 116 pages ; |
| Dimensions | 28cm. |
| 500 ## - GENERAL NOTE | |
| General note | Bachelor of Science in Accountancy.<br/> |
| 504 ## - BIBLIOGRAPHY, ETC. NOTE | |
| Bibliography, etc | Includes bibliographical references and appendices. <br/> |
| 650 ## - SUBJECT ADDED ENTRY--TOPICAL TERM | |
| Topical term or geographic name as entry element | Accounts receivable – Management – Philippines. |
| 650 ## - SUBJECT ADDED ENTRY--TOPICAL TERM | |
| Topical term or geographic name as entry element | Credit and collection – Business enterprises. |
| 650 ## - SUBJECT ADDED ENTRY--TOPICAL TERM | |
| Topical term or geographic name as entry element | Receivable financing – Philippines. |
| 650 ## - SUBJECT ADDED ENTRY--TOPICAL TERM | |
| Topical term or geographic name as entry element | Dunning procedures – Collection effectiveness. |
| 942 ## - ADDED ENTRY ELEMENTS (KOHA) | |
| Source of classification or shelving scheme | Library of Congress Classification |
| Koha item type | Theses |
| Withdrawn status | Lost status | Source of classification or shelving scheme | Damaged status | Home library | Current library | Shelving location | Date acquired | Source of acquisition | Sub Shelving location | Total Checkouts | Full call number | Barcode | Date last seen | Price effective from | Koha item type |
|---|---|---|---|---|---|---|---|---|---|---|---|---|---|---|---|
| Library of Congress Classification | College Library | College Library | Theses Section | 02/20/2025 | Donation | HF 5681 .Sa27 2023 | T1471 | 02/20/2025 | 02/20/2025 | Theses | |||||
| Library of Congress Classification | College Library | College Library | Theses Section | 02/20/2025 | Donation | HF 5681 .Sa27 2023 | T1472 | 02/20/2025 | 02/20/2025 | Theses |